header

Forward physics and luminosity determination at LHC (Record no. 33395)

MARC details
000 -LEADER
fixed length control field 01477nam a2200337Ia 4500
245 10 - TITLE STATEMENT
Title Forward physics and luminosity determination at LHC
260 ## - PUBLICATION, DISTRIBUTION, ETC. (IMPRINT)
Place of publication River Edge, NJ :
Name of publisher World Scientific,
Year of publication c2001.
300 ## - PHYSICAL DESCRIPTION
Number of Pages viii, 226 p. :
Other physical details ill.
650 #0 - SUBJECT ADDED ENTRY--TOPICAL TERM
Topical Term Pomerons
Topical Term Quantum chromodynamics
Topical Term Perturbation (Quantum dynamics)
Topical Term Large Hadron Collider (France and Switzerland)
700 1# - ADDED ENTRY--PERSONAL NAME
Personal name Huitu, Katri.
856 40 - ELECTRONIC LOCATION AND ACCESS
Uniform Resource Identifier http://site.ebrary.com/lib/rucke/Doc?id=10255997

No items available.

© 2026 Rongo University
Contact us: librarian | system librarian | Rongo university